00346nam a2200121Ia 4500008004100000020002200041041001200063082002100075100001800096245006500114260003100179300001400210231221s9999 xx 000 0 und d a978-0-86612-250-4 aEnglish a910.68 HAR;1 R aHarrill, Rich 0aGuide to best practice in tourism and destination management c2003bAH & LEIaLansing MI axxiii+117